| 000 | 02394cam a2200649 4500 | ||
|---|---|---|---|
| 001 | 22765 | ||
| 003 | SK-KTurca | ||
| 005 | 20260423104951.0 | ||
| 008 | 200205s2017 xo hoa g h 000 0bslo | ||
| 015 | _aSNBA2018/01 | ||
| 020 |
_a9788097278328 _q(viazané) |
||
| 035 | _aurn:nbn:sk:snk-am00d5wu | ||
| 035 | _aurn:nbn:sk:snk-am3hqrh | ||
| 035 | _a43A6F6CE-59B4-4F7E-A37C-A56B3336A7C7 | ||
| 040 |
_aSNK _bslo _cSNK _erda |
||
| 041 | 0 |
_aslo _aeng |
|
| 044 |
_axo _cSK |
||
| 072 | 7 |
_a655 _xPolygrafia. Vydavateľstvá a knižný obchod |
|
| 072 | 7 |
_a76 _xGrafické umenie. Grafika _2konspekt |
|
| 080 |
_a655.2 _22011 |
||
| 080 |
_a655.244 _22011 |
||
| 080 |
_a655.2-051 _22011 |
||
| 080 |
_a766 _22011 |
||
| 080 |
_a(092) _22011 |
||
| 080 |
_a(048.8) _22011 |
||
| 100 | 1 |
_aLongauer, Ľubomír, _d1948-2025 _4aut _4pht |
|
| 245 | 1 | 0 |
_aPeter Ďurík _bTypografia _cĽubomír Longauer ; preklad Michal Vongrej ; fotografie a skeny Peter Ďurík, Ľubomír Longauer |
| 246 | 3 | 0 | _aTypografia |
| 264 | 1 |
_a[Bratislava] _b[Ľubomír Longauer] _c2017 |
|
| 300 |
_a151 strán _bfaksimilie, fotografie, ilustrácie _c30 cm |
||
| 336 |
_atext _btxt _2rdacontent |
||
| 336 |
_astatický obraz _bsti _2rdacontent |
||
| 337 |
_abez média _bn _2rdamedia |
||
| 338 |
_azväzok _bnc _2rdacarrier |
||
| 490 | 1 | _aNa okraji | |
| 500 | _aVydavateľ a miesto vydania podľa ISBN | ||
| 500 | _aChrbát knihy Peter Ďurík TYPOGRAFIA | ||
| 546 | _aText čiastočne písaný v angličtine | ||
| 600 | 1 | 7 |
_aĎurík, Peter, _d1947- _2SNKMA |
| 650 | 0 | 7 |
_atypografia _2SNKPH |
| 650 | 0 | 7 |
_atypografické písmo _2SNKPH |
| 650 | 0 | 7 |
_atypografi _2SNKPH |
| 650 | 0 | 7 |
_agrafický dizajn _2SNKPH |
| 650 | 0 | 7 |
_atypography _2SNKPHeng |
| 650 | 0 | 7 |
_aTypefaces _2SNKPHeng |
| 650 | 0 | 7 |
_aTypographers _2SNKPHeng |
| 650 | 0 | 7 |
_aGraphic design _2SNKPHeng |
| 655 | 7 |
_abiografie _2SNKPH |
|
| 655 | 7 |
_aprehľady _2SNKPH |
|
| 655 | 7 |
_aBiography _2SNKPHeng |
|
| 655 | 7 |
_aSurveys _2SNKPHeng |
|
| 700 | 1 |
_aVongrej, Michal _4trl |
|
| 700 | 1 |
_aĎurík, Peter, _d1947- _4pht |
|
| 711 | 2 |
_aNajkrajšie knihy Slovenska _n(XXVI. (54.) : _d2017 _cBratislava, Slovensko). _eKategória: Knihy o výtvarnom umení a obrazové publikácie. _eCena MK SR autorovi za vynikajúcu grafickú úpravu. _eCena Zväzu polygrafie na Slovensku tlačiarni za mimoriadne polygrafické spracovanie |
|
| 830 | 0 | _aNa okraji | |
| 942 |
_2ddc _cOLDO _n0 |
||
| 999 |
_c22765 _d22765 |
||